000 00805 a2200301 4500
260 _aMontréal
630 _a68 - industries, metiers et commerces de produits finis ou assembles
037 _bIUF, 2
650 _a6 - SCIENCES APPLIQUEES
100 _aBourdreault, Yves
700 _aBernard, Jean-Charles
260 _bEcole polythecnique de Montréal
245 _aTurbo pascal : Programation et résolution de problèmes
300 _a585p.
650 _aInformatique : langage
650 _aTurbo pascal
260 _c1994
300 _b23cm.
100 _lFr
037 _aS 8479
037 _aS 8480
700 _aCollab, Guardo, Robert
700 _aCollab, Lavoie, Jean
700 _aCollab, Savard, Pierre
020 _a2-553-00467-2
999 _c41041
_d41041